Variación del módulo de resiliencia de suelos de subrasante según el contenido de humedad y el grado de compactación

Salvato in:
Dettagli Bibliografici
Autore principale: Mohs Alfaro, Carolina
Natura: Libro
Pubblicazione: [San José, Costa Rica] 2008
Soggetti:
Tags: Aggiungi Tag
Nessun Tag, puoi essere il primo ad aggiungerne!!

MARC

LEADER 00000nam a2200000Ia 4500
003 001257
005 20221231144053.0
008 140114s2008 cr a 000 ||s d
040 |c cru CEDI 
090 |a TFG 5780 
100 |a Mohs Alfaro, Carolina  |9 4028 
245 |a Variación del módulo de resiliencia de suelos de subrasante según el contenido de humedad y el grado de compactación  
260 |c 2008  |b [San José, Costa Rica] 
300 |a x, 165 hojas; ilustraciones (principalmente a color), mapas color 
500 |a Tesis (licenciatura en ingeniería civil)--Universidad de Costa Rica. Facultad de Ingeniería. Escuela de Ingeniería Civil,  
650 |x MECANICA DE SUELOS   |x  CIMENTACIONES  |x  HUMEDAD DE SUELOS  |x PERCOLACION DE SUELOS   |x COMPACTACION  |x  PAVIMENTOS  |x  ANALISIS   |9 4029 
942 |c TFG 
999 |c 16455  |d 16455